| Tag |
First Indicator |
Second Indicator |
Subfields |
| LEADER |
00000cam a2200000 a 4500 |
| 001 |
in00001294841 |
| 005 |
20151004091816.0 |
| 007 |
hd afa014baca |
| 008 |
921030s1990 dcu a f000 0 eng d |
| 035 |
|
|
|a (OCoLC)26891976
|
| 035 |
|
|
|9 AGZ6640AM
|
| 040 |
|
|
|a UP3
|c UP3
|d UtOrBLW
|
| 049 |
|
|
|a TXAI
|
| 090 |
|
|
|a JK1108
|b .M35 Suppl. 1990 reel 5
|
| 099 |
|
|
|a Film
|a S
|a 1717 1990, reel 5, fr. 0054.
|
| 100 |
1 |
|
|a Copeland, Claudia.
|
| 245 |
1 |
0 |
|a Permit and fee provisions of clean air legislation /
|c Claudia Copeland.
|
| 264 |
|
1 |
|a [Washington, D.C.] :
|b Congressional Research Service, Library of Congress,
|c [1990]
|
| 300 |
|
|
|a 27 pages ;
|c 28 cm.
|
| 336 |
|
|
|a text
|b txt
|2 rdacontent
|
| 337 |
|
|
|a microform
|b h
|2 rdamedia
|
| 338 |
|
|
|a microfilm reel
|b hd
|2 rdacarrier
|
| 500 |
|
|
|a Cover title.
|
| 500 |
|
|
|a At head of title: CRS report for Congress.
|
| 500 |
|
|
|a "January 18, 1990."
|
| 500 |
|
|
|a "Supersedes report dated January 11, 1990."
|
| 500 |
|
|
|a "90-38 ENR."
|
| 533 |
|
|
|a Microfilm.
|b Arlington, Va. :
|c University Publications of America,
|d 1991.
|e on 1 microfilm reel ; 35 mm. Low reduction.
|f (Major studies and issue briefs of the Congressional Research Service. 1990 supplement ; reel 5, fr. 0054).
|
| 500 |
|
|
|a Microform.
|
| 650 |
|
0 |
|a Air
|x Pollution
|x Law and legislation
|z United States.
|
| 650 |
|
0 |
|a Air quality management
|z United States.
|
| 710 |
2 |
|
|a Library of Congress.
|b Congressional Research Service.
|
| 830 |
|
0 |
|a Major studies and issue briefs of the Congressional Research Service.
|p Supplement ;
|v 1990, reel 5, fr. 0054.
|
| 999 |
|
|
|a MARS
|
| 999 |
f |
f |
|s a523a524-9e0d-3872-918a-ac7cb70c1230
|i 00983e6e-e873-38cf-8286-b54dea52e484
|t 0
|
| 952 |
f |
f |
|p default
|a Texas A&M University
|b College Station
|c Sterling C. Evans Library
|d Evans: Microforms (3rd floor)
|t 0
|e Film S 1707 1990, reel 5 fr. 0054
|h Other scheme
|i microform -- microfilm reel
|
| 998 |
f |
f |
|a Film S 1707 1990, reel 5 fr. 0054
|t 0
|l Evans: Microforms (3rd floor)
|